• 首页
  • 本馆介绍
  • 公告通知
  • 最新文献
  • 馆藏检索
  • 电子资源
  • 读者导购
  • 参考咨询
  • 我的图书馆
  • 登录
  • 详细信息显示
  • 放入我的书架
  • 预约/预借图书
  • 作者相关作品
  • 分类相关作品
  • 丛书相关作品
  • 出版社相关作品

书目信息

  • 表格格式
  • 工作单格式
  • 卡片格式
题名:
文化交往学
    
 
作者: 姚庆 著
分册:  
出版信息: 北京   人民日报出版社  2014
页数: 294页
开本: 24cm
丛书名:
单 册:
中图分类: G115
科图分类:
主题词: 文化交流--Wen Hua Jiao Liu--研究
电子资源:
ISBN: 978-7-5115-2457-7
000 01094nam0 2200277 450
001 339526
005 20150608091226.31
010    @a978-7-5115-2457-7@dCNY57.00
100    @a20140522d2014 em y0chiy50 ea
101 0  @achi
102    @aCN@b110000
105    @ay a 000yy
106    @ar
200 1  @a文化交往学@AWen Hua Jiao Wang Xue@f姚庆著
210    @a北京@c人民日报出版社@d2014
215    @a294页@d24cm
300    @a人民日报学术文库
314    @a姚庆,男,东北林业大学人文社科学院教授,主要著作: 《新闻论——新闻学的理论创新》、《新闻传媒论——新闻学研究的新视野》等。
320    @a有书目 (第293-294页)
330    @a本书论述了公共文化交往活动的构成、方式和手段;揭示了公共文化交往活动的本质和规律。着重阐述了文化的概念、分类和性质, 文化与文明的区别和关系, 间接文化交往的方式——文化传播、文化传媒系统及其运营机制和管理体制;分析了文化交往产业的结构、市场和知识生产。
333    @a文化交流研究人员及相关读者。
606 0  @a文化交流@AWen Hua Jiao Liu@x研究
690    @aG115@v5
701  0 @a姚庆@AYao Qing@4著
801  0 @aCN@b卓展宏图@c20150525
905    @dG115@e38@f4
    
    文化交往学/姚庆著.-北京:人民日报出版社,2014
    294页;24cm
    人民日报学术文库.-使用对象:文化交流研究人员及相关读者。
    
    ISBN 978-7-5115-2457-7:CNY57.00
    本书论述了公共文化交往活动的构成、方式和手段;揭示了公共文化交往活动的本质和规律。着重阐述了文化的概念、分类和性质, 文化与文明的区别和关系, 间接文化交往的方式——文化传播、文化传媒系统及其运营机制和管理体制;分析了文化交往产业的结构、市场和知识生产。
●
相关链接 在E读中查询图书 在五车中查询图书 在当当中查询图书 在豆瓣中查询图书


正题名:文化交往学     索取号:G115/38         预约/预借

序号 登录号 条形码 馆藏地/架位号 状态 备注
1 858569   208585690   第一样本阅览室/ [索取号:G115/38] 在馆    
2 858570   208585707   第四借阅区/ [索取号:G115/38] 在馆    
3 858571   208585716   第四借阅区/ [索取号:G115/38] 在馆    
4 858572   208585725   第四借阅区/ [索取号:G115/38] 在馆    
唐山师范学院图书馆 欢迎您!
大连网信软件有限公司© 版权所有